000 00797nmc a2200313 a 4500
003 AR-BaBNM
005 20251128211658.0
008 155020s2004 ||||||||||||||000 | spa||
020 _a950-24-1087-6
040 _cAR-BaBNM
100 1 _aJota, Bárbara
245 1 0 _aMi primer libro de la Biblia
260 _aBuenos Aires
_bAlbatros
_c2004
300 0 _a96 p.
_bil.
490 0 _aTus maravillas
650 4 _aHISTORIA ANTIGUA
650 4 _aLIBROS PARA NINOS
650 4 _aHISTORIA DE LAS RELIGIONES
650 4 _aEDUCACION RELIGIOSA
650 4 _aRELIGION
650 4 _aCRISTIANISMO
650 4 _aTEXTOS SAGRADOS
650 4 _aBIBLIA
653 0 _aADAPTACIONES LITERARIAS
655 _aLITERATURA
700 1 _aVarela, Popi
_eilustrador
942 _cBK
998 _cmartin
999 _c20684
_d20684